[Event "62nd ch-IND 2025"]
[Site "Guntur IND"]
[Date "2025.09.27"]
[Round "7.14"]
[White "Esshan Wadhawan"]
[Black "Audi, Ameya"]
[Result "1/2-1/2"]
[BlackTitle "IM"]
[WhiteElo "2207"]
[BlackElo "2430"]
[WhiteFideId "45062056"]
[BlackFideId "25034430"]
[EventDate "2025.09.21"]

1. e4 e5 2. Nf3 Nc6 3. Bb5 a6 4. Ba4 d6 5. Nc3 Bd7 6. Bxc6 Bxc6 7. d4 Nf6 8. Qe2
exd4 9. Nxd4 Bd7 10. Bg5 Be7 11. Nf5 Bxf5 12. exf5 O-O 13. O-O-O Re8 14. Qf3 c6
15. g4 d5 16. h4 Nd7 17. Bf4 Qa5 18. g5 Bb4 19. Nb1 Qxa2 20. g6 fxg6 21. fxg6
Rf8 22. gxh7+ Kh8 23. Qg3 Be7 24. Bg5 Bf6 25. Bxf6 Nxf6 26. Rhg1 Rf7 27. Qg6
Raf8 28. h5 Qc4 29. Nd2 Qf4 30. Kb1 Nxh7 31. Nb3 Qh6 32. Nd4 Rf6 33. Qg3 R8f7
34. Rde1 Nf8 35. Re8 Kg8 36. Qb8 Qf4 37. Qxf4 Rxf4 38. Ne6 Rxf2 39. Rxf8+ Rxf8
40. Rxg7+ Kh8 41. Rxb7 Rg8 42. c3 a5 43. Ka2 Rf6 44. Nc5 Rg7 45. Rb8+ Rg8 46.
Rb7 Rg7 47. Rb8+ Kh7 48. Ra8 Kh6 49. Rxa5 Rff7 50. Kb3 Ra7 51. Rxa7 Rxa7 52. Kb4
Re7 53. Ka5 Re2 54. Kb6 Rxb2+ 55. Kxc6 Rd2 56. Nb3 Rd3 57. Nd4 Rxc3+ 58. Kxd5
Rc1 59. Ke4 Kxh5 60. Nf3 Kg6 61. Ne5+ Kf6 62. Nf3 Ke6 63. Nd4+ Kd6 64. Nf5+ Kc5
65. Ne3 Rh1 66. Kd3 Rh4 67. Nf5 Rf4 68. Ne3 Rd4+ 69. Ke2 Rd8 70. Kf3 Kd4 71.
Nf5+ Ke5 72. Ng3 Rd3+ 73. Kg4 Ra3 74. Nh5 Ra4+ 75. Kf3 Rb4 76. Ng3 Rf4+ 77. Ke3
Rf8 78. Ne2 Ra8 79. Kd3 Ra4 80. Nc3 Rd4+ 81. Ke3 Rd8 82. Ne2 Rb8 83. Kd3 Rh8 84.
Nc3 Rh4 85. Nb5 Kd5 86. Nc3+ Kc5 87. Ne4+ Kb4 88. Kd4 Rh8 89. Kd5 Rd8+ 90. Nd6
Kc3 91. Ke5 Ra8 92. Nf5 Kd3 93. Kf4 Ra5 94. Nd6 Kd4 95. Nf5+ Kd5 96. Ne3+ Ke6
97. Ke4 Ra4+ 98. Kd3 Rh4 99. Nc4 Kd5 100. Ne3+ Kc5 101. Nf5 Ra4 102. Ne3 Rd4+
103. Kc3 Rd8 104. Nc2 Rh8 105. Kd3 Kd5 106. Ne3+ Ke5 107. Nc4+ Ke6 108. Ne3 Rh3
109. Ke4 1/2-1/2

[Event "62nd ch-IND 2025"]
[Site "Guntur IND"]
[Date "2025.09.27"]
[Round "7.15"]
[White "Abhishek, Kelkar"]
[Black "Soham, Kamotra"]
[Result "1/2-1/2"]
[WhiteTitle "IM"]
[BlackTitle "IM"]
[WhiteElo "2172"]
[BlackElo "2414"]
[WhiteFideId "5019257"]
[BlackFideId "46647490"]
[EventDate "2025.09.21"]

1. d4 f5 2. Bg5 g6 3. e3 Bg7 4. Nd2 Nf6 5. c3 O-O 6. Bc4+ e6 7. f4 b6 8. Qf3 d5
9. h3 Bb7 10. Bd3 c5 11. Bxf6 Qxf6 12. g4 Nc6 13. g5 Qd8 14. Ne2 c4 15. Bc2 b5
16. a3 Kf7 17. h4 Ke7 18. h5 Rh8 19. hxg6 hxg6 20. Rxh8 Qxh8 21. O-O-O a5 22.
Rh1 Qg8 23. Rh3 b4 24. Ba4 Nd8 25. Qh1 Rb8 26. Nf3 Bc6 27. Bc2 bxa3 28. bxa3 Kd7
29. Ne5+ Bxe5 30. fxe5 Qf8 31. Rh8 Qxa3+ 32. Kd2 Kc7 33. Qh7+ Bd7 34. Qxg6 Rb2
35. Qg8 Nb7 36. Kd1 Qa1+ 37. Nc1 Rxc2 38. Kxc2 Ba4+ 39. Kd2 Qb2+ 40. Ke1 Qxc1+
41. Kf2 Qd2+ 42. Kf1 Qxc3 43. Qxe6 Qd3+ 44. Kf2 Qd2+ 45. Kf1 Qd1+ 46. Kf2 Qd2+
47. Kf1 1/2-1/2

[Event "62nd ch-IND 2025"]
[Site "Guntur IND"]
[Date "2025.09.27"]
[Round "7.16"]
[White "Mukund Hemant Agarwal"]
[Black "Aaditya, Dhingra"]
[Result "0-1"]
[WhiteTitle "CM"]
[BlackTitle "IM"]
[WhiteElo "2169"]
[BlackElo "2391"]
[WhiteFideId "25679791"]
[BlackFideId "25678191"]
[EventDate "2025.09.21"]

1. d4 Nf6 2. c4 e6 3. Nf3 Bb4+ 4. Bd2 a5 5. e3 b6 6. Bd3 Bb7 7. O-O O-O 8. Nc3
d6 9. Qe2 Nbd7 10. e4 e5 11. d5 Nc5 12. Bc2 Bc8 13. Ne1 Bd7 14. a3 Bxc3 15. Bxc3
Ba4 16. Bd3 Bb3 17. g3 Qd7 18. Rc1 Qa4 19. Bd2 b5 20. Bg5 Nfd7 21. cxb5 Nxd3 22.
Nxd3 Bc4 23. Qg4 f6 24. Qxd7 fxg5 25. Rc3 Bxb5 26. Qg4 Qd4 27. Qe2 g4 28. a4 Ba6
29. Rd1 Rf3 30. Qc2 Qxe4 31. Ne1 Qxc2 32. Rxc2 Rf7 33. Ng2 Rb8 34. Rdc1 Bd3 35.
Rd2 Be4 36. Ne3 h5 37. Rc4 Bg6 38. Kg2 Rb3 39. h3 Rd3 40. Re2 Rd4 41. Rxd4 exd4
42. Nd1 Rf3 43. Rd2 Rd3 44. Rxd3 Bxd3 45. f3 Be2 46. Nf2 d3 47. fxg4 hxg4 0-1

[Event "62nd ch-IND 2025"]
[Site "Guntur IND"]
[Date "2025.09.27"]
[Round "7.17"]
[White "Ritviz, Parab"]
[Black "Vedant Garg"]
[Result "1/2-1/2"]
[WhiteTitle "IM"]
[WhiteElo "2372"]
[BlackElo "2140"]
[WhiteFideId "5073367"]
[BlackFideId "33422362"]
[EventDate "2025.09.21"]

1. e4 e5 2. Nf3 Nc6 3. Bc4 Nf6 4. d3 h6 5. Nbd2 d6 6. a4 g6 7. a5 a6 8. O-O Bg7
9. c3 O-O 10. Re1 b5 11. axb6 cxb6 12. b4 Ra7 13. Bb2 b5 14. Bb3 d5 15. exd5
Nxd5 16. Ne4 Nf4 17. Nc5 a5 18. bxa5 Rxa5 19. Re3 Rxa1 20. Qxa1 Nd5 21. Re1 Nf4
22. Re3 Bf5 23. d4 exd4 24. cxd4 Nb4 25. Qf1 Nbd5 26. Re1 b4 27. Ne5 Nc3 28. Nc6
Qg5 29. Kh1 Nfd5 30. Nxb4 Nxb4 31. Bxc3 Nc6 32. Rd1 Qf4 33. Bd5 Nxd4 34. Qc4 Ne6
35. Nxe6 Qxc4 36. Bxc4 Bxe6 37. Bxg7 Kxg7 38. Bxe6 fxe6 1/2-1/2

[Event "62nd ch-IND 2025"]
[Site "Guntur IND"]
[Date "2025.09.27"]
[Round "7.18"]
[White "Viani, Antonio Dcunha"]
[Black "Arshpreet Singh"]
[Result "1/2-1/2"]
[WhiteTitle "IM"]
[WhiteElo "2355"]
[BlackElo "2123"]
[WhiteFideId "5027330"]
[BlackFideId "25902113"]
[EventDate "2025.09.21"]

1. c4 e6 2. Nc3 d5 3. d4 Nf6 4. Nf3 Bb4 5. Qa4+ Nc6 6. e3 O-O 7. Bd2 dxc4 8.
Bxc4 Bd6 9. Rd1 e5 10. d5 Ne7 11. Qc2 a6 12. a4 c6 13. dxc6 Nxc6 14. O-O Bg4 15.
Ne4 Qe7 16. Bc3 Rad8 17. Ng3 g6 18. Rd2 Be6 19. Qb3 Bxc4 20. Qxc4 Rc8 21. Qh4
Rfd8 22. Rfd1 b5 23. axb5 axb5 24. b3 Bc7 25. Ne4 Nxe4 26. Qxe4 Qe6 27. Rxd8+
Rxd8 28. Rxd8+ Nxd8 29. Nd2 Qc6 30. Qd3 Ne6 31. h4 f5 32. Bb2 e4 33. Qc3 Qxc3
34. Bxc3 Kf7 35. Nb1 Bd6 36. Ba5 Nc5 1/2-1/2

[Event "62nd ch-IND 2025"]
[Site "Guntur IND"]
[Date "2025.09.27"]
[Round "7.19"]
[White "Chidvilash, Sai Surapaneni"]
[Black "Nayak, Rajesh"]
[Result "1/2-1/2"]
[WhiteTitle "CM"]
[BlackTitle "FM"]
[WhiteElo "2124"]
[BlackElo "2352"]
[WhiteFideId "25748530"]
[BlackFideId "35017152"]
[EventDate "2025.09.21"]

1. c4 e5 2. Nc3 Nc6 3. Nf3 f5 4. g3 Nf6 5. d4 e4 6. Nh4 d6 7. Bg5 Be7 8. Ng2 h6
9. Bxf6 Bxf6 10. e3 Ne7 11. Nf4 Nc6 12. Ng2 Ne7 13. Nf4 Nc6 14. Ng2 Ne7 15. Nf4
Nc6 1/2-1/2

[Event "62nd ch-IND 2025"]
[Site "Guntur IND"]
[Date "2025.09.27"]
[Round "7.20"]
[White "Gaikwad Manas"]
[Black "Sriram, Jha"]
[Result "1-0"]
[BlackTitle "GM"]
[WhiteElo "2112"]
[BlackElo "2322"]
[WhiteFideId "25912410"]
[BlackFideId "5001668"]
[EventDate "2025.09.21"]

1. e4 e5 2. Nf3 Nc6 3. Bc4 Nf6 4. d3 Be7 5. c3 O-O 6. Bb3 d5 7. Nbd2 a5 8. O-O
dxe4 9. dxe4 Bc5 10. Ba4 Qe7 11. Qe2 Bd7 12. Nc4 h6 13. Ne3 Be6 14. Bxc6 bxc6
15. Nxe5 Nxe4 16. Nxc6 Qd6 17. Nd4 Bxd4 18. Rd1 c5 19. cxd4 cxd4 20. Nc2 Nf6 21.
Nxd4 Bg4 22. f3 Rfe8 23. Qf2 Bd7 24. Bd2 Qb6 25. Bc3 Nd5 26. Rac1 a4 27. Nc2 Qb7
28. Bd4 Ra6 29. Ne1 Rg6 30. Nd3 Bh3 31. g3 Bf5 32. Nc5 Qa8 33. Re1 Nf4 34. Rxe8+
Qxe8 35. Re1 Qd8 36. Qe3 Ne6 37. Bc3 Qd5 38. Nxe6 Bxe6 39. a3 h5 40. Qe4 Qc5+
41. Kg2 Qa7 42. Qh4 Rh6 43. Qd8+ Kh7 44. Qf8 f5 45. Qe8 Qb6 46. Qe7 Rg6 47. Bxg7
Rxg7 48. Qxe6 Qxe6 49. Rxe6 Rb7 50. Re2 Kg6 51. Kh3 h4 52. Re6+ Kg5 53. f4+ Kh5
54. Rf6 hxg3 55. hxg3 Rb5 56. Rxf5+ 1-0

[Event "62nd ch-IND 2025"]
[Site "Guntur IND"]
[Date "2025.09.27"]
[Round "7.21"]
[White "Utsab, Chatterjee"]
[Black "Jihan Tejas Shah"]
[Result "1-0"]
[WhiteTitle "IM"]
[WhiteElo "2299"]
[BlackElo "2109"]
[WhiteFideId "46609148"]
[BlackFideId "33370109"]
[EventDate "2025.09.21"]

1. e4 c5 2. Nf3 Nc6 3. d4 cxd4 4. Nxd4 g6 5. c4 Bg7 6. Be3 Qb6 7. Nb3 Qd8 8. Qd2
Nf6 9. Nc3 Ng4 10. Bf4 d6 11. h3 Nf6 12. Bh6 O-O 13. Bxg7 Kxg7 14. f4 a5 15. Be2
a4 16. Nd4 Qa5 17. Nc2 Qc5 18. Ne3 Nd4 19. Bd3 Bd7 20. Rc1 Ne6 21. O-O Bc6 22.
Qf2 Kh8 23. Bb1 Qh5 24. Rce1 Nc5 25. Ned5 Bxd5 26. exd5 Rfe8 27. Qd4 Kg8 28. Nb5
Qh4 29. Nc7 Rac8 30. Nxe8 Rxe8 31. Bc2 Nh5 32. b4 axb3 33. axb3 g5 34. Qf2 Qxf2+
35. Kxf2 Nxf4 36. Ra1 b5 37. g3 Nfd3+ 38. Bxd3 Nxd3+ 39. Ke3 bxc4 40. bxc4 Nc5
41. Ra7 Kg7 42. h4 h6 43. h5 f6 44. g4 Kf7 45. Kd4 Nb3+ 46. Kc3 Nc5 47. Re1 Kf8
48. Re3 Kf7 49. Kd4 Kf8 50. Rea3 Kf7 51. Ra8 Rxa8 52. Rxa8 f5 53. gxf5 Nd7 54.
Ra7 Nf6 55. c5 dxc5+ 56. Kxc5 Ne4+ 57. Kc6 Kf6 58. Ra8 Kxf5 59. Rf8+ Nf6 60. d6
exd6 61. Kxd6 g4 62. Ke7 Kg5 63. Rxf6 Kxh5 64. Ke6 g3 65. Kf5 g2 66. Rg6 Kh4 67.
Rxg2 1-0

[Event "62nd ch-IND 2025"]
[Site "Guntur IND"]
[Date "2025.09.27"]
[Round "7.22"]
[White "Aadik Theophane Lenin"]
[Black "Vignesh, B"]
[Result "1/2-1/2"]
[WhiteElo "2108"]
[BlackElo "2288"]
[WhiteFideId "33362041"]
[BlackFideId "35051555"]
[EventDate "2025.09.21"]

1. d4 d6 2. e4 Nf6 3. Bd3 e5 4. c3 Nc6 5. Nf3 g6 6. h3 Bg7 7. O-O O-O 8. Re1 Re8
9. Bg5 h6 10. Bd2 Nh5 11. d5 Ne7 12. c4 Rf8 13. Nc3 a6 14. b4 Qe8 15. c5 f5 16.
cxd6 cxd6 17. Na4 b5 18. Nb6 Rb8 19. Nxc8 Rxc8 20. a4 Nf6 21. axb5 axb5 22. Ra7
fxe4 23. Bxe4 Nxe4 24. Rxe4 Rf7 25. Be3 Nf5 26. Rxf7 Qxf7 27. Qd3 Ne7 28. Rg4
Qxd5 29. Qxd5+ Nxd5 30. Rxg6 Nxe3 31. fxe3 Rc6 32. h4 Kf7 33. h5 Rc1+ 34. Kf2
Rc2+ 35. Kg3 Bf8 36. Nh4 Rc4 37. Nf5 d5 38. Nxh6+ Bxh6 39. Rxh6 Rxb4 40. Rd6 d4
41. exd4 Rxd4 42. Rb6 b4 43. Kf3 Rf4+ 44. Ke3 Rh4 45. g3 1/2-1/2

[Event "62nd ch-IND 2025"]
[Site "Guntur IND"]
[Date "2025.09.27"]
[Round "7.23"]
[White "Kshatriya, Nitin Vekhande"]
[Black "Deshmukh, Anup"]
[Result "1/2-1/2"]
[WhiteTitle "FM"]
[BlackTitle "IM"]
[WhiteElo "2285"]
[BlackElo "2099"]
[WhiteFideId "45075530"]
[BlackFideId "5000564"]
[EventDate "2025.09.21"]

1. e4 e5 2. Nf3 Nc6 3. Bc4 Nf6 4. d3 h6 5. Nc3 a6 6. a4 Bc5 7. Be3 d6 8. Bxc5
dxc5 9. Bd5 Nxd5 10. exd5 Nd4 11. h3 Qf6 12. Ne4 Nxf3+ 13. Qxf3 Qxf3 14. gxf3 b6
15. c4 f5 16. Nc3 Ke7 17. Kd2 Bd7 18. h4 g6 19. Rag1 Kf6 20. Rg2 Rad8 21. b3 Bc8
22. Ne2 f4 23. Nc3 Bf5 24. Ne4+ Kf7 25. a5 Rb8 26. Ra1 Bxe4 27. dxe4 b5 28. cxb5
Rxb5 29. Kc3 Rhb8 30. Ra3 Rb4 31. Rg1 Kf6 32. Rd1 g5 33. d6 c6 34. d7 Rd4 35.
hxg5+ Kxg5 36. Raa1 h5 37. Rg1+ Kf6 38. Rg2 Rxd7 39. Rag1 Rh8 40. Rg6+ Kf7 41.
Rg7+ Ke8 42. Rg8+ Rxg8 43. Rxg8+ Kf7 44. Rg5 h4 45. Rh5 Rd1 46. Rxh4 Rc1+ 47.
Kd3 Kg6 48. Rh8 Ra1 49. Rc8 Rxa5 50. Rxc6+ Kf7 51. Kc4 Ra2 52. Kxc5 Rxf2 53. Kd5
Rxf3 54. Kxe5 Rxb3 55. Kxf4 a5 56. Kf5 Rf3+ 57. Ke5 a4 58. Rc7+ Kg6 59. Ra7 a3
60. Ke6 Rf6+ 61. Kd5 Rf3 62. e5 Kf5 63. e6 Rd3+ 1/2-1/2

[Event "62nd ch-IND 2025"]
[Site "Guntur IND"]
[Date "2025.09.27"]
[Round "7.24"]
[White "Aditya, Varun Gampa"]
[Black "Shreyash Singh"]
[Result "1/2-1/2"]
[WhiteTitle "FM"]
[WhiteElo "2273"]
[BlackElo "2065"]
[WhiteFideId "45066183"]
[BlackFideId "33426058"]
[EventDate "2025.09.21"]

1. e4 c5 2. Nf3 Nc6 3. d4 cxd4 4. Nxd4 e6 5. Nc3 Qc7 6. g3 a6 7. Bg2 Nf6 8. O-O
Nxd4 9. Qxd4 Bc5 10. Bf4 d6 11. Qd2 h6 12. Rad1 e5 13. Be3 Bxe3 14. fxe3 Be6 15.
Qxd6 Rc8 16. Qd2 O-O 17. Nd5 Bxd5 18. exd5 Qd6 19. c3 Rc5 20. e4 Rfc8 21. Kh1
Rc4 22. Qe2 b5 23. Rfe1 b4 24. cxb4 Rc2 25. Qf3 Qxb4 26. Re2 Qxb2 27. Rxc2 Rxc2
28. Rf1 Qxa2 29. g4 Qb2 30. d6 Rd2 31. h4 Rxd6 32. g5 hxg5 33. hxg5 Qd2 1/2-1/2

[Event "62nd ch-IND 2025"]
[Site "Guntur IND"]
[Date "2025.09.27"]
[Round "7.25"]
[White "Harshit, Ranjan Sahu"]
[Black "Mahindrakar, Indrajeet"]
[Result "1-0"]
[WhiteTitle "CM"]
[WhiteElo "2258"]
[BlackElo "2074"]
[WhiteFideId "25638815"]
[BlackFideId "35023721"]
[EventDate "2025.09.21"]

1. e4 e6 2. d4 d5 3. Nc3 Nf6 4. Bg5 dxe4 5. Nxe4 Nbd7 6. Nf3 h6 7. Bh4 Be7 8.
Nxf6+ Bxf6 9. Bxf6 Qxf6 10. Bd3 c5 11. c3 cxd4 12. Nxd4 O-O 13. O-O Nc5 14. Bc2
e5 15. Nb3 Ne6 16. Qd3 g6 17. Rfe1 Nf4 18. Qe3 Re8 19. Be4 a5 20. Rad1 Ra6 21.
Nc5 Rb6 22. b3 Qe7 23. Bf3 Rf6 24. Bd5 Rd6 25. c4 Nxd5 26. cxd5 f5 27. Qxh6 Qf7
28. Na4 Bd7 29. Nb2 b5 30. a4 g5 31. Qxg5+ Rg6 32. Qd2 f4 33. f3 e4 34. Kh1 e3
35. Qd4 Rh6 36. Nd3 Rf8 37. Kg1 Qh7 38. Qe4 Bf5 39. Qxf4 Bxd3 40. Qg5+ Bg6 41.
h3 Rh5 42. Qg4 bxa4 43. d6 Rh4 44. Qg3 Rb4 45. d7 Rbb8 46. Rxe3 Qg7 47. Qh4 Qh7
48. d8=Q Rbxd8 49. Qxd8 axb3 50. Qxa5 Bc2 51. Rde1 Qg7 52. Re5 Kh8 53. Qb4 Rg8
54. Qd2 Bh7 55. Qb2 Qa7+ 56. R5e3+ Rg7 57. Qxb3 Bg8 58. Qb2 Kh7 59. Kh1 Bf7 60.
Qf6 Qa2 61. R3e2 Qa5 62. Qh4+ Kg8 63. Rd1 Bd5 64. Re8+ Kf7 65. Re7+ Kg8 66.
Rxg7+ Kxg7 67. Qg5+ Kh8 68. Qxd5 1-0

[Event "62nd ch-IND 2025"]
[Site "Guntur IND"]
[Date "2025.09.27"]
[Round "7.26"]
[White "Ayaan Garg"]
[Black "Yohan Yadav Tarala"]
[Result "1-0"]
[BlackTitle "CM"]
[WhiteElo "2091"]
[BlackElo "2246"]
[WhiteFideId "25182242"]
[BlackFideId "33385300"]
[EventDate "2025.09.21"]

1. d4 d5 2. c4 e6 3. Nf3 h6 4. Nc3 Nf6 5. Bf4 Bd6 6. Bxd6 Qxd6 7. e3 O-O 8. c5
Qe7 9. Ne5 Nbd7 10. Nxd7 Nxd7 11. Bd3 c6 12. f4 f6 13. O-O e5 14. Bf5 e4 15.
Bxd7 Bxd7 16. f5 b6 17. b4 Rfb8 18. Rb1 bxc5 19. bxc5 Qd8 20. Qa4 Rxb1 21. Rxb1
Qc7 22. Qb3 Kh7 23. g4 h5 24. Qb7 Rc8 25. Qxc7 Rxc7 26. gxh5 Bxf5 27. Ne2 Bc8
28. Rb8 g6 29. hxg6+ Kxg6 30. Kf2 Bg4 31. Nf4+ Kf5 32. h3 Bd1 33. Ke1 Bf3 34. a4
Rg7 35. Kf2 Bd1 36. a5 Ba4 37. a6 Bb5 38. Rb7 Rg8 39. Rxa7 Rh8 40. Rc7 Bxa6 41.
Rxc6 Bc4 42. Rc7 Kg5 43. Rg7+ Kh6 44. Rg6+ Kh7 45. Rxf6 Kg7 46. Rd6 Kf7 47. Rd7+
Ke8 48. Rb7 Rh4 49. Kg3 Rh6 50. Rb6 1-0

[Event "62nd ch-IND 2025"]
[Site "Guntur IND"]
[Date "2025.09.27"]
[Round "7.27"]
[White "Mahitosh, Dey"]
[Black "Joel Paul Ganta"]
[Result "1/2-1/2"]
[WhiteTitle "FM"]
[BlackTitle "CM"]
[WhiteElo "2233"]
[BlackElo "2050"]
[WhiteFideId "25091468"]
[BlackFideId "35066145"]
[EventDate "2025.09.21"]

1. d4 Nf6 2. c4 g6 3. Nc3 d5 4. cxd5 Nxd5 5. e4 Nxc3 6. bxc3 Bg7 7. Be3 c5 8.
Qd2 O-O 9. Nf3 Bg4 10. Be2 Qa5 11. Rd1 Nc6 12. O-O Rfd8 13. Qb2 Rac8 14. e5 cxd4
15. cxd4 Be6 16. a3 Qa4 17. Bb5 Qb3 18. Qe2 Na5 19. Rb1 Qc2 20. Nd2 Rc3 21. Rfc1
Qxc1+ 22. Rxc1 Rxc1+ 23. Nf1 Rc3 24. h3 Rxa3 25. Nd2 a6 26. Bd3 Bxe5 27. Bxg6
hxg6 28. dxe5 Ra2 29. Qe1 Nc6 30. Ne4 Nd4 31. Qb4 Nf5 32. Bc5 Rd1+ 33. Kh2 Raa1
34. Ng3 Rab1 35. Qa4 Bd7 36. Qf4 Nxg3 1/2-1/2

[Event "62nd ch-IND 2025"]
[Site "Guntur IND"]
[Date "2025.09.27"]
[Round "7.28"]
[White "Badole Shaunak"]
[Black "Das, Sayantan"]
[Result "1-0"]
[BlackTitle "GM"]
[WhiteElo "2086"]
[BlackElo "2435"]
[WhiteFideId "25952900"]
[BlackFideId "5034426"]
[EventDate "2025.09.21"]

1. e4 c5 2. Nf3 e6 3. d4 cxd4 4. Nxd4 Nc6 5. Nc3 a6 6. f4 Qc7 7. Nxc6 bxc6 8.
Bd3 d5 9. e5 c5 10. b3 Bb7 11. O-O c4 12. bxc4 Bb4 13. Bd2 dxc4 14. Be2 Ne7 15.
Bf3 Rd8 16. Qe1 Bxf3 17. Rxf3 Nf5 18. Ne4 Bxd2 19. Nxd2 O-O 20. Ne4 Qc6 21. c3
Rd7 22. g4 Nh4 23. Rh3 Ng6 24. Rf3 Rfd8 25. Qe2 Rd3 26. Raf1 R8d5 27. Rb1 h6 28.
g5 Nh4 29. Rxd3 Rxd3 30. gxh6 Nf3+ 31. Kh1 Qc7 32. hxg7 Kxg7 33. Qg2+ Kf8 34.
Nf6 Ke7 35. Qb2 Qc5 36. Qb7+ Kd8 37. Qa8+ 1-0

[Event "62nd ch-IND 2025"]
[Site "Guntur IND"]
[Date "2025.09.27"]
[Round "7.29"]
[White "Vignesh Advaith Vemula"]
[Black "Gadhavi Veerbhadrasinh"]
[Result "1-0"]
[BlackTitle "CM"]
[WhiteElo "2431"]
[BlackElo "2077"]
[WhiteFideId "25792059"]
[BlackFideId "25793136"]
[EventDate "2025.09.21"]

1. e4 c6 2. d4 d5 3. e5 c5 4. Nf3 Nc6 5. c4 e6 6. cxd5 exd5 7. Bb5 cxd4 8. Nxd4
Bb4+ 9. Bd2 Bxd2+ 10. Nxd2 Ne7 11. O-O O-O 12. Nxc6 bxc6 13. Bd3 Qc7 14. Qc2 h6
15. f4 Rb8 16. Kh1 f6 17. Rae1 c5 18. Nf3 Bg4 19. exf6 Rxf6 20. Bh7+ Kh8 21. Ne5
Bf5 22. Bxf5 Nxf5 23. Qd3 Rxb2 24. Qxd5 Qb7 25. Qd8+ Kh7 26. Rg1 Qe7 27. Qc8 Re6
28. Ng6 Rxe1 29. Nxe7 Nxe7 30. Qxc5 Ree2 31. a4 Ng6 32. f5 Nf4 33. f6 gxf6 34.
Qc7+ Kg6 35. Qxf4 a5 36. Qg4+ Kf7 37. Qh5+ Kg7 38. Qxa5 Kg6 39. Qa8 h5 40. Qg8+
Kh6 41. a5 Ra2 42. a6 Rxa6 43. g4 Ra5 44. gxh5 1-0

[Event "62nd ch-IND 2025"]
[Site "Guntur IND"]
[Date "2025.09.27"]
[Round "7.30"]
[White "Das, Arghyadip"]
[Black "Pranay Akula"]
[Result "1-0"]
[WhiteTitle "IM"]
[WhiteElo "2353"]
[BlackElo "2075"]
[WhiteFideId "5003610"]
[BlackFideId "25131001"]
[EventDate "2025.09.21"]

1. c4 e6 2. Nf3 Nf6 3. b3 d5 4. Bb2 Be7 5. g3 O-O 6. Bg2 c5 7. cxd5 exd5 8. O-O
Nc6 9. d4 cxd4 10. Nxd4 Re8 11. Nd2 Nxd4 12. Bxd4 Be6 13. a3 Qd7 14. Qb1 Bh3 15.
Rc1 Bxg2 16. Kxg2 a6 17. Qd3 Rac8 18. a4 Qe6 19. Nf3 Ne4 20. Qe3 Bf6 21. Rxc8
Rxc8 22. Rc1 Rxc1 23. Qxc1 h5 24. Bxf6 Nxf6 25. Kf1 Ne4 26. Nd4 Qf6 27. Qe3 g6
28. f3 Nd6 29. Qf4 Kg7 30. Qxf6+ Kxf6 31. e3 Ne8 32. Ke2 Nc7 33. Kd3 Ke5 34. b4
b5 35. a5 Kd6 36. f4 Ne8 37. Nb3 Nc7 38. Nc5 f6 39. h3 Kc6 40. g4 hxg4 41. hxg4
Kd6 42. Kc3 Kc6 43. Kd4 Kd6 44. g5 fxg5 45. fxg5 Ne6+ 46. Nxe6 Kxe6 47. Kc5 Ke5
48. Kb6 Ke4 49. Kxa6 Kxe3 50. Kxb5 d4 51. a6 d3 52. a7 d2 53. a8=Q d1=Q 54. Qc6
Kf4 55. Qf6+ Kg4 56. Kb6 Qg1+ 57. Ka6 Qg2 58. b5 Qa8+ 59. Kb6 Qb8+ 60. Kc5 Qc7+
61. Kb4 Kh5 62. b6 Qb7 63. Kc5 Qc8+ 64. Qc6 Qf8+ 65. Kb5 Qf1+ 66. Qc4 Qf3 67.
Qc5 Qe4 68. Qd6 Qf3 69. Qe5 Qg2 70. Kc5 Qf3 71. Qd5 Qa3+ 72. Kc6 Qa8+ 73. b7
Qe8+ 74. Qd7 Qe4+ 75. Kd6 Qf4+ 76. Ke6 Qf5+ 77. Ke7 Qxg5+ 78. Kf7 Qf4+ 79. Kg7
Qe5+ 80. Kh7 Qh2 81. Qb5+ Kg4+ 82. Kxg6 Qd6+ 83. Kf7 Qb8 84. Ke7 Kg3 85. Kd7 Kh2
86. Qb6 Qg3 87. b8=Q Kh1 88. Q6b7+ 1-0

[Event "62nd ch-IND 2025"]
[Site "Guntur IND"]
[Date "2025.09.27"]
[Round "7.31"]
[White "Sharnarthi Viresh"]
[Black "Sharnarthi Shlok"]
[Result "1/2-1/2"]
[WhiteElo "2281"]
[BlackElo "2046"]
[WhiteFideId "25978055"]
[BlackFideId "25977776"]
[EventDate "2025.09.21"]

1. e4 e6 2. d4 d5 3. Nc3 Bb4 4. e5 c5 5. a3 Bxc3+ 6. bxc3 Ne7 7. Nf3 c4 8. a4
Qa5 9. Be2 Bd7 10. O-O Bxa4 11. Ba3 Nbc6 12. Qd2 h6 13. Rfb1 b5 14. Ne1 Qd8 15.
g3 Nf5 16. Ng2 Qg5 17. Qd1 Qg6 18. Ra2 Nfe7 19. Nf4 Qh7 20. Bh5 O-O 21. Ng2 a5
22. Bc5 Rfb8 23. f4 Re8 24. Bf3 Nd8 25. Ne3 Rc8 26. Qd2 Nec6 27. Qg2 Nb7 28.
Rxa4 Nxc5 29. Raa1 Na4 30. Qd2 Rb8 31. f5 Kh8 32. Bg2 Ne7 33. Rf1 exf5 34. Nxd5
Qg6 35. Rab1 Nxd5 36. Bxd5 Red8 37. Bg2 b4 38. cxb4 axb4 39. Kh1 Nc3 40. Rbe1
Qg5 41. Rf4 Nd5 42. Bxd5 Rxd5 43. Qe2 Rc8 44. Qf3 Rcd8 45. c3 bxc3 46. Qxc3 Rc8
47. Rb1 Qd8 48. Kg1 Qd7 49. Rb4 g5 50. Rf1 Rxd4 51. Rb6 Kg8 52. Rxh6 Rd3 53. Qc1
Qd4+ 54. Kh1 Qe4+ 55. Kg1 Qe3+ 56. Qxe3 Rxe3 57. Rxf5 Kg7 58. Rh5 Rc6 59. Rfxg5+
Rg6 60. Rxg6+ Kxg6 61. Rh4 c3 62. Rc4 Kf5 63. Kf2 Rd3 64. Ke2 Rd2+ 65. Ke3 Rxh2
66. Rxc3 Kxe5 1/2-1/2

[Event "62nd ch-IND 2025"]
[Site "Guntur IND"]
[Date "2025.09.27"]
[Round "7.32"]
[White "Ayushh, Ravikumar"]
[Black "Kumaresh, A"]
[Result "1-0"]
[WhiteTitle "FM"]
[BlackTitle "CM"]
[WhiteElo "2038"]
[BlackElo "2256"]
[WhiteFideId "35039482"]
[BlackFideId "45022259"]
[EventDate "2025.09.21"]

1. d4 Nf6 2. Nf3 g6 3. c4 Bg7 4. Nc3 d5 5. Qb3 dxc4 6. Qxc4 Be6 7. Qa4+ Bd7 8.
Qa3 O-O 9. e4 Bg4 10. Be3 Nc6 11. O-O-O Qd6 12. Qb3 Bxf3 13. gxf3 Na5 14. Qa4
Qb6 15. e5 Nh5 16. d5 c5 17. dxc6 Qc7 18. cxb7 Rad8 19. Ba6 Bxe5 20. Qb4 Nxb7
21. Qxb7 Qa5 22. Rxd8 Rxd8 23. Rd1 Rb8 24. Rd5 1-0

[Event "62nd ch-IND 2025"]
[Site "Guntur IND"]
[Date "2025.09.27"]
[Round "7.33"]
[White "Ramakrishna, J."]
[Black "Sriansh Das"]
[Result "1-0"]
[WhiteTitle "FM"]
[BlackTitle "FM"]
[WhiteElo "2028"]
[BlackElo "2245"]
[WhiteFideId "5008174"]
[BlackFideId "45030081"]
[EventDate "2025.09.21"]

1. e4 e6 2. d4 d5 3. Nd2 c5 4. Ngf3 Nc6 5. exd5 exd5 6. Bb5 Bd6 7. O-O Ne7 8. c4
O-O 9. dxc5 Bxc5 10. Nb3 Bd6 11. cxd5 Nxd5 12. Bg5 Nde7 13. Rc1 f6 14. Be3 Bg4
15. Nc5 Bxc5 16. Qb3+ Kh8 17. Bxc5 Re8 18. h3 Bxf3 19. Qxf3 Qd5 20. Qa3 Ng6 21.
Rfd1 Qf5 22. Bd3 Qh5 23. Bxg6 Qxg6 24. Rd7 Ne5 25. Rxb7 Nd3 26. Rf1 Rad8 27. Be3
Ne5 28. Bf4 Qe4 29. Rb4 Nc4 30. Qg3 Qe1 31. Rxe1 1-0

[Event "62nd ch-IND 2025"]
[Site "Guntur IND"]
[Date "2025.09.27"]
[Round "7.34"]
[White "Jaiveer, Mahendru"]
[Black "Devesh, Anand Naik"]
[Result "1-0"]
[WhiteTitle "FM"]
[WhiteElo "2242"]
[BlackElo "2016"]
[WhiteFideId "25611151"]
[BlackFideId "45005702"]
[EventDate "2025.09.21"]

1. e4 c5 2. Nf3 Nc6 3. d4 cxd4 4. Nxd4 Nf6 5. Nc3 e5 6. Ndb5 d6 7. Bg5 a6 8. Na3
Be7 9. Nc4 b5 10. Bxf6 gxf6 11. Ne3 Be6 12. Ncd5 Bf8 13. c3 Bg7 14. Qf3 O-O 15.
h4 Kh8 16. Bd3 Rg8 17. h5 Bh6 18. Nxf6 Rg7 19. Nfg4 Bxg4 20. Nxg4 Qg5 21. Ne3
Rc8 22. Rd1 Ne7 23. g3 Re8 24. Bc2 Rd8 25. Rh4 Rd7 26. Ke2 Nc6 27. Bb3 Rg8 28.
Rg4 Qd8 29. Rxg8+ Kxg8 30. Nd5 Bg5 31. Qf5 h6 32. f4 Be7 33. Nb6 1-0